| 000 | 00646nam a2200205Ia 4500 | ||
|---|---|---|---|
| 003 | GCL | ||
| 008 | 140319s9999 xx 000 0 ara d | ||
| 040 |
_aGCL / _cGCL |
||
| 082 | 0 | 4 |
_a621.38173 _bم ب |
| 100 | 1 | _aمظهر طايل | |
| 245 | 1 | 0 |
_aالبوابات المنطقية والدوائر الرقمية / _cمظهر طايل |
| 260 |
_a[S.N] : _bدار الراتب الجامعية |
||
| 300 | _a519 | ||
| 490 | _a | ||
| 650 | 0 | 4 | _aالدوائر الالكترونية |
| 650 | 0 | 4 | _aالاكترونيات |
| 650 | 0 | 4 | _aالدوائر الكهربائية |
| 650 | 0 | 4 | _aالدوائر المغناطيسية |
| 942 |
_2ddc _cBK |
||
| 999 |
_c54621 _d54621 |
||